La realitat com a misteri en l'art de Francesco Tomassi : pintura i arquitectura = Realidad como misterio en el arte de Francesco Tomassi : pintura y arquitectura = Realtà come mistero nell'arte di Francesco Tomassi : dipinti e architetture / textos de Vincenzo Farinella, Cesare Garboli, Salvatore Settis, Maurizia Tazartes, Marisa Volpi pintura i arquitectura = Realidad como misterio en el arte de Francesco Tomassi :
MARC
| LEADER | 00000nam a2200000Ia 4500 | ||
|---|---|---|---|
| 001 | 12725 | ||
| 008 | 160829s2000 xx 000 0 cat d | ||
| 020 | |a 88-8347-039-7 | ||
| 080 | |a FU-16-11 | ||
| 100 | |a Tomassi, Francesco |9 34947 | ||
| 245 | |a La realitat com a misteri en l'art de Francesco Tomassi : |b pintura i arquitectura = Realidad como misterio en el arte de Francesco Tomassi : |b pintura y arquitectura = Realtà come mistero nell'arte di Francesco Tomassi : |b dipinti e architetture / textos de Vincenzo Farinella, Cesare Garboli, Salvatore Settis, Maurizia Tazartes, Marisa Volpi | ||
| 260 | |a [Livorno] : |b Sillabe s.r.l., |c 2000 | ||
| 300 | |a [16] f. : |b il. col. ; |c 26 cm | ||
| 590 | |a Catàleg de l'exposició. | ||
| 590 | |a Text en català, castellà i italià. | ||
| 590 | |a A la contraportada: Escola Industrial. Sala Noble. Barcelona. Ens Promotor: Diputació de Barcelona i Província de Pisa. Sponsor: United Colors of Benetton | ||
| 650 | |a Tomassi, Francesco |x Exposicions |9 34948 | ||
| 700 | |a Farinella, Vicenzo |9 34949 | ||
| 700 | |a Garboli, Cesare |9 34950 | ||
| 700 | |a Settis, Salvatore I |9 34951 | ||
| 710 | 1 | |a Barcelona (Catalunya : Província). |b Diputació |9 52408 | |
| 901 | |a Arxiu | ||
| 942 | |n 1 | ||
| 952 | |0 0 |1 0 |4 0 |6 FU1611 |7 1 |9 46705 |a Arxiu |b Arxiu |d 2016-12-01 |l 0 |o FU-16-11 |p 12725 |r 2016-12-01 00:00:00 |w 2016-12-01 |y ARXIU | ||
| 999 | |c 50498 |d 50498 | ||